Library Logo

Pioneer International University Library Catalogue

The warm heart of Africa and other stories / (Record no. 9478)

MARC details
000 -LEADER
fixed length control field 00510cam a22001577i 4500
005 - DATE AND TIME OF LATEST TRANSACTION
control field 20250901165815.0
008 - FIXED-LENGTH DATA ELEMENTS--GENERAL INFORMATION
fixed length control field 171002s2017 ke a 000 1 eng
010 ## - LIBRARY OF CONGRESS CONTROL NUMBER
LC control number 2016343714
020 ## - INTERNATIONAL STANDARD BOOK NUMBER
International Standard Book Number 9789966315748
050 00 - LIBRARY OF CONGRESS CALL NUMBER
Classification number PR 9389.9 .M33 2016
245 04 - TITLE STATEMENT
Title The warm heart of Africa and other stories /
Statement of responsibility, etc. collected and edited by Lily Mabura and John Mugubi.
250 ## - EDITION STATEMENT
Edition statement KICD approved edition.
260 ## - PUBLICATION, DISTRIBUTION, ETC.
Place of publication, distribution, etc. Nairob:
Name of publisher, distributor, etc. Longhorn,
Date of publication, distribution, etc. c2016.
300 ## - PHYSICAL DESCRIPTION
Extent xi, 211 pages :
Other physical details color illustrations ;
Dimensions 22 cm.
942 ## - ADDED ENTRY ELEMENTS (KOHA)
Source of classification or shelving scheme Library of Congress Classification
Holdings
Withdrawn status Lost status Source of classification or shelving scheme Damaged status Not for loan Collection Home library Current library Shelving location Date acquired Source of acquisition Total checkouts Full call number Barcode Date last seen Copy number Price effective from Koha item type
    Library of Congress Classification       Main Library Main Library   03/28/2025 Donation from KICD   PR 9389.9 .M33 2016 PIUD0000524 03/28/2025 1 03/28/2025 Books